An introduction to object - oriented systems analysis and design with UML and the unified process

שמור ב:
מידע ביבליוגרפי
מחבר ראשי: Schach, Stephen R.
פורמט: ספר
שפה:Undetermined
יצא לאור: Boston McGraw hill 2004
נושאים:
תגים: הוספת תג
אין תגיות, היה/י הראשונ/ה לתייג את הרשומה!
Thư viện lưu trữ: Trung tâm Học liệu Trường Đại học Cần Thơ
LEADER 00735nam a2200205Ia 4500
001 CTU_184330
008 210402s9999 xx 000 0 und d
020 |c 634678 
082 |a 005.117 
082 |b S292 
100 |a Schach, Stephen R. 
245 3 |a An introduction to object - oriented systems analysis and design with UML and the unified process 
245 0 |c Stephen R. Schach 
260 |a Boston 
260 |b McGraw hill 
260 |c 2004 
650 |a Object - oriented methods,ULM( Computer science),Phương pháp định hướng mục tiêu,Khoa học máy tính 
650 |x System analyis,Phân tích hệ thống 
904 |i Chuyên 
980 |a Trung tâm Học liệu Trường Đại học Cần Thơ